000 00475nam a2200181Ia 4500
001 15607
005 20260306170208.0
008 260306t1996||||xx |||||||||||||| ||und||
041 _aESP
082 _a551.021
_bS19
100 _aSamper Calvete, F. Javier,
_eAUT
245 0 _aGeoestadística :
_baplicaciones a la hidrogeología subterránea
260 _c1996
300 _axix, 484 páginas :
_c24 cm.
650 _aGEN
654 _aCIC
942 _cLIB
_dJUS
_fJUS
_2ddc
_n
999 _c15607
_d15607